ՀՀ Գիտությունների ազգային ակադեմիայի հիմնարար գիտական գրադարան  =   Fundamental Scientific Library of NAS RA

Модели нейронных структур : (Record no. 41562)

MARC details
000 -LEADER
fixed length control field 01652nam a2200277 a 4500
001 - CONTROL NUMBER
control field 000125468
003 - CONTROL NUMBER IDENTIFIER
control field AM-YEHGA
005 - DATE AND TIME OF LATEST TRANSACTION
control field 20250617122632.0
008 - FIXED-LENGTH DATA ELEMENTS--GENERAL INFORMATION
fixed length control field 990511s1970 ru ||||gr|||||||||0|rus|d
040 ## - CATALOGING SOURCE
Original cataloging agency AM-YeHGA
041 0# - LANGUAGE CODE
Language code of text/sound track or separate title rus
090 ## - LOCALLY ASSIGNED LC-TYPE CALL NUMBER (OCLC); LOCAL CALL NUMBER (RLIN)
-- 42234
245 00 - TITLE STATEMENT
Title Модели нейронных структур :
Remainder of title Труды международного симпозиума по техническим и биологическим проблемам управления (Ереван, 24-28 сентября 1968 г.) /
Statement of responsibility, etc. Отв. ред. Б.С. Сотсков.
260 ## - PUBLICATION, DISTRIBUTION, ETC.
Place of publication, distribution, etc. Москва :
Name of publisher, distributor, etc. Наука,
Date of publication, distribution, etc. 1970.
300 ## - PHYSICAL DESCRIPTION
Extent 480 с.
550 ## - ISSUING BODY NOTE
Issuing body note АН СССР. Международная федерация по автоматическому управлению
650 14 - SUBJECT ADDED ENTRY--TOPICAL TERM
Topical term or geographic name entry element Нейроны
650 14 - SUBJECT ADDED ENTRY--TOPICAL TERM
Topical term or geographic name entry element Адаптивные системы
650 14 - SUBJECT ADDED ENTRY--TOPICAL TERM
Topical term or geographic name entry element Биоэлектрическое управление
General subdivision Моделирования процессов движения
650 14 - SUBJECT ADDED ENTRY--TOPICAL TERM
Topical term or geographic name entry element Нейрофизиологические исследования
General subdivision Моделирования нервных сетей
650 14 - SUBJECT ADDED ENTRY--TOPICAL TERM
Topical term or geographic name entry element Деятельность мозга
General subdivision Модели его функции
700 10 - ADDED ENTRY--PERSONAL NAME
Personal name Сотсков, Б.С.
Relator term ред.
Relationship edt
710 2# - ADDED ENTRY--CORPORATE NAME
Corporate name or jurisdiction name as entry element Академия наук СССР.
Subordinate unit Международная федерация по автоматическому управлению
711 2# - ADDED ENTRY--MEETING NAME
Meeting name or jurisdiction name as entry element Международный симпозиум по техническим и биологическим проблемам управления Ереван 24-28 сентября 1968 г.
942 ## - ADDED ENTRY ELEMENTS (KOHA)
Source of classification or shelving scheme Universal Decimal Classification
Koha item type Գրքեր / Books
Holdings
Withdrawn status Lost status Damaged status Not for loan Collection Home library Current library Date acquired Total checkouts Full call number Barcode Date last seen Price effective from Koha item type Public note
        General Fundamental Scientific Library Fundamental Scientific Library 21/12/2016   PIII/30830 FL0365629 21/12/2016 21/12/2016 Գրքեր / Books 30 Days Loan
        General Fundamental Scientific Library Fundamental Scientific Library 21/12/2016   PIII/31132 FL0365793 21/12/2016 21/12/2016 Գրքեր / Books 30 Days Loan
        General Fundamental Scientific Library Fundamental Scientific Library 21/12/2016   PIII/32458 FL0368004 21/12/2016 21/12/2016 Գրքեր / Books 30 Days Loan


ՀՀ ԳԱԱ հիմնարար գիտական գրադարան
ՀՀ,Երևան 0019
Մարշալ Բաղրամյան 24/6
հեռախոս:(374-10) 52-47-50
Հետադարձ կապ

All site content, except where otherwise noted, is licensed under a
Creative Commons License